Le domaine du droit

Saved in:
Bibliografiske detaljer
Hovedforfatter: Stoyanovitch, Konstantin (Author)
Format: Bog
Sprog:fransk
Udgivet: París Librairie Générale de Droit et de Jurisprudence 1967
Fag:
Tags: Tilføj Tag
Ingen Tags, Vær først til at tagge denne postø!

MARC

LEADER 00000nam a2200000 a 4500
001 UCT9218
003 CL-VaPUC
008 970404e19670000FR |||||||||||||||||fre|d
082 0 4 |a 340.11  |b STO  |2 21 
100 0 |a Stoyanovitch, Konstantin  |e author  |9 381725 
245 1 3 |a Le domaine du droit 
300 |a 519 p 
942 |c BK 
945 |d 19970404 00:00:00  |a paguirre 
260 |a París  |b Librairie Générale de Droit et de Jurisprudence  |c 1967 
650 7 |a DERECHO  |2 CL-VaPUC  |9 381726 
650 0 |a Teoría del derecho  |9 255982 
650 7 |a FINES DEL DERECHO  |2 CL-VaPUC  |9 377214 
650 0 |a Derecho y sociedad   |9 255963 
650 7 |a CONCEPTOS DEL DERECHO  |2 CL-VaPUC  |9 381727 
583 |a last modification  |c 19970404 00:00:00  |k Rodrigo Vera 
999 |c 257637  |d 257635 
952 |0 0  |1 0  |4 0  |6 340_110000000000000_STO_1967  |7 0  |8 A  |9 281195  |a BIBDER  |b BIBDER  |d 2019-11-19  |i 1818945  |o 340.11 STO 1967  |p 1818945  |r 2023-01-25  |w 2019-11-19  |y BK  |k DER 
952 |0 0  |1 0  |4 0  |6 340_110000000000000_STO_1967  |7 0  |8 A  |9 281196  |a BIBDER  |b BIBDER  |d 2019-11-19  |i 1818953  |o 340.11 STO 1967  |p 1818953  |r 2023-01-25  |w 2019-11-19  |y BK  |k DER 
952 |0 0  |1 0  |4 0  |6 340_110000000000000_STO_1967  |7 0  |8 DER_TF  |9 281197  |a BIBDER  |b BIBDER  |d 2019-11-19  |i 1884697  |o 340.11 STO 1967  |p 1884697  |r 2023-01-25  |w 2019-11-19  |x Ubicación 4to Piso  |y BK  |z Estos recursos deben solicitarse con anticipación  |k DER